QUANTITATIVE TECHNIQUES FOR BUSINESS 2 / (Record no. 78182)
[ view plain ]
| 000 -LEADER | |
|---|---|
| fixed length control field | 00467nam a2200169Ia 4500 |
| 008 - FIXED-LENGTH DATA ELEMENTS--GENERAL INFORMATION | |
| fixed length control field | 220922s9999||||xx |||||||||||||| ||und|| |
| 040 ## - CATALOGING SOURCE | |
| Transcribing agency | SFLIB |
| 041 ## - LANGUAGE CODE | |
| Language code of text/sound track or separate title | English |
| 082 ## - DEWEY DECIMAL CLASSIFICATION NUMBER | |
| Classification number | COMM |
| Item number | 46 |
| 100 ## - MAIN ENTRY--PERSONAL NAME | |
| Personal name | Dr.JAYAN |
| 245 #0 - TITLE STATEMENT | |
| Title | QUANTITATIVE TECHNIQUES FOR BUSINESS 2 / |
| Statement of responsibility, etc. | by Dr.JAYAN |
| 260 ## - PUBLICATION, DISTRIBUTION, ETC. | |
| Place of publication, distribution, etc. | CHANGANACHERRY : |
| Name of publisher, distributor, etc. | PRAKASH PUBLICATIONS, |
| Date of publication, distribution, etc. | 2018 |
| 300 ## - PHYSICAL DESCRIPTION | |
| Extent | 259 p. |
| 650 ## - SUBJECT ADDED ENTRY--TOPICAL TERM | |
| Topical term or geographic name entry element | qt for business 2 |
| 650 ## - SUBJECT ADDED ENTRY--TOPICAL TERM | |
| Topical term or geographic name entry element | quantitative techniques for business 2 |
| 942 ## - ADDED ENTRY ELEMENTS (KOHA) | |
| Koha item type | SF Library Books |
| Withdrawn status | Lost status | Damaged status | Collection code | Not for loan | Home library | Current library | Shelving location | Date acquired | Cost, normal purchase price | Total Checkouts | Full call number | Barcode | Date last seen | Price effective from | Koha item type |
|---|---|---|---|---|---|---|---|---|---|---|---|---|---|---|---|
| Commerce | Z - SF LIBRARY@STCP | Z - SF LIBRARY@STCP | Shelf 1 - Rack 1 | 2022-09-24 | 170.00 | COMM 46 | SF2063 | 2022-09-24 | 2022-09-24 | SF Library Books |
